000 00334 a2200157 4500
001 76063
020 _a9788502220911
040 _cAnchieta - Colégio São Paulo
100 _aDolce, Osvaldo
240 1 0 _aMatemática :
_lpor
245 1 0 _aMatemática :
300 _a384
362 0 _a2014
650 4 _aMatemática
942 _cBK
999 _c76063
_d76063